Maithilīśaraṇa Gupta. (Record no. 72554)

MARC details
000 -LEADER
fixed length control field 00577cam a22002291 4500
001 - CONTROL NUMBER
control field sa 67001342
003 - CONTROL NUMBER IDENTIFIER
control field DLC
005 - DATE AND TIME OF LATEST TRANSACTION
control field 20260227112322.0
008 - FIXED-LENGTH DATA ELEMENTS--GENERAL INFORMATION
fixed length control field 890522s1964 ii b 000 0 hino
010 ## - LIBRARY OF CONGRESS CONTROL NUMBER
LC control number sa 67001342
035 ## - SYSTEM CONTROL NUMBER
System control number (OCoLC)19749111
040 ## - CATALOGING SOURCE
Original cataloging agency DLC
Transcribing agency WaU
Modifying agency DLC
042 ## - AUTHENTICATION CODE
Authentication code premarc
050 00 - LIBRARY OF CONGRESS CALL NUMBER
Classification number PK2098.G8
Item number Z69 1964
100 1# - MAIN ENTRY--PERSONAL NAME
Personal name Goel, Uma Kant.
245 10 - TITLE STATEMENT
Title Maithilīśaraṇa Gupta.
260 ## - PUBLICATION, DISTRIBUTION, ETC.
Date of publication, distribution, etc. [1964]
300 ## - PHYSICAL DESCRIPTION
Extent 508 p.
Dimensions [1964]
500 ## - GENERAL NOTE
General note In Hindi.
504 ## - BIBLIOGRAPHY, ETC. NOTE
Bibliography, etc. note Bibliography: p. 503-508.
600 10 - SUBJECT ADDED ENTRY--PERSONAL NAME
Personal name Gupta, Maithili Sarana,
Dates associated with a name 1886-1964.

No items available.

Powered by Koha